000 00937nas a2200313 4500
001 BR9803519
003 BR-BrBNA
005 20231205100826.0
007 ta
008 230509b bl.|||p| |||| 00| 00por d
040 _aBR-BrBNA
_bpor
_cBiblioteca Nacional de Agricultura
041 _a(Pt)
072 _aL51
100 1 _aBranco, A.F.
100 1 _aPrado, I.N. do
100 1 _aZeoula, L.M.
100 1 _aPinto, A.A.
100 1 _aSantos, G.T. dos
100 1 _aSilva, A.N.R. da
245 1 _aEfeitos do uso de sementes de oleaginosas em racoes de novilhas aneloradas sobre o desempenho e digestibilidade das racoes
650 _aNovilho
650 _aDieta
650 _aNutricao Animal
650 _aDigestibilidade
650 _aPerformance
773 0 _tRevista Unimar (Brazil)
_xISSN 0100-9354
_g(Aug 1995), v. 17(2) p. 341-351
_wBR9803519
909 _a202311
_bLúcia
_c55
_dLúcia Elande
942 _2AGRIS
_n0
_cANA
999 _c158303
_d158303